Statistics for Canadian Provinces That Don't Border a U.S State

Click here to take the quiz!

General Stats

  • This quiz has been taken 44 times
  • The average score is 4 of 5

Answer Stats

Province% Correct
Newfoundland and Labrador
95%
Prince Edward Island
95%
Nunavut
92%
Nova Scotia
87%
Northwest Territories
74%

Score Distribution

Percentile by Number Answered

Percent of People with Each Score

Your Score History

You have not taken this quiz